Datin Moon

Bibliographic Details
Main Author: Amelly Ann Kising
Format: Book
Published: Kuala Lumpur : Ghostwriter , 2002
Subjects:

MARC

LEADER 00000cam a2200000 7i4500
001 0000011765
005 20160330.0
008 071119
020 |a 9839216856 
090 0 0 |a AME   |b MAL 
100 0 |a Amelly Ann Kising 
245 1 0 |a Datin Moon   |c Amelly Ann Kising 
260 |a Kuala Lumpur :   |b Ghostwriter ,   |c 2002 
500 |a Teenager ages 13-18 years old (blue) 
650 0 |a Malay fiction 
650 0 |a Novel 
650 0 |a Young adult fiction, Malay 
999 |a 0000909507   |b Book   |c Teenagers   |e Cawangan Bandar Tenggara 
999 |a 0001002094   |b Book   |c Teenagers   |e Perbadanan Perpustakaan Awam Johor 
999 |a 0001002095   |b Book   |c Teenagers   |e Perbadanan Perpustakaan Awam Johor 
999 |a 0001027145   |b Book   |c Teenagers   |e Perbadanan Perpustakaan Awam Johor 
999 |a 0001029265   |b Book   |c Teenagers   |e Cawangan Taman Sri Lambak 
999 |a 0001029688   |b Book   |c Teenagers   |e Cawangan Taman Sri Lambak